00631nam a22001937a 450000500170000001000130001702000260003003500130005603700240006908200060009310000120009924501260011126000410023727000620027830000370034049000280037750000060040570000260041120111109165817.0 aB-444702 a9780752847733c430.00 aB-444702 aBlue Berry/VenbDPL00aS1 aUderzo.10aAsterix and the great divide /cwritten and illustrated by Albert Uderzo ; translated by Anthea Bell and Derek Hockridge. aLondon :bOrion ;aNew York :c2001. aOrion House, 5 Upper Saint Martin's LanebLondonewc2H9EA a48 p. :ball col. ill. ;c29 cm.1 aAsterix adventure ;v25 a.1 aGoscinny,d1926-1977.